Library Banner

Medicine rational and irrational (Record no. 25966)

MARC details
000 -LEADER
fixed length control field 00387nam a2200157Ia 4500
001 - CONTROL NUMBER
control field 25799
008 - FIXED-LENGTH DATA ELEMENTS--GENERAL INFORMATION
fixed length control field 140411s9999 xx 000 0 und d
040 ## - CATALOGING SOURCE
Transcribing agency PK-LaUMT
082 ## - DEWEY DECIMAL CLASSIFICATION NUMBER
Classification number 610
Item number SCO-M
100 ## - MAIN ENTRY--PERSONAL NAME
Personal name Cyril Scott
245 ## - TITLE STATEMENT
Title Medicine rational and irrational
Statement of responsibility, etc Cyril Scott
260 ## - PUBLICATION, DISTRIBUTION, ETC. (IMPRINT)
Place of publication, distribution, etc London,UK:
Name of publisher, distributor, etc The True Health Publishing,
Date of publication, distribution, etc NA
300 ## - PHYSICAL DESCRIPTION
Extent 224
546 ## - LANGUAGE NOTE
Language note EN
942 ## - ADDED ENTRY ELEMENTS (KOHA)
Koha item type Books
Holdings
Withdrawn status Lost status Source of classification or shelving scheme Damaged status Not for loan Home library Current library Date acquired Total Checkouts Full call number Barcode Date last seen Price effective from Koha item type
    Dewey Decimal Classification     UMT Health Sciences Campus UMT Health Sciences Campus 2014-04-11   610 SCO-M 29006 2014-04-24 2014-04-24 Books